01669cam a22003974i 4500003000900000005001700009008004100026020001800067035002700085040003300112082002100145100003100166245012000197264008500317300005500402336002100457337002500478338002300503504002800526505047400554526001001028526001001038526001001048526001001058526000801068526000801076526000801084526000801092526000801100526000801108526000801116541001201124600005401136630006401190650001701254PE-LiUPU20250731173350.0150706s2008 miua rb 000 0 eng d a9780802862914 a(Sirsi) i9780802862914 aPE-LiUPUbspacPE-LiUPUerda04a227.406bB122211 aBachmann, Michael,eautor.10aAnti-judaism in galatians? :bexegetical studies on a polemical letter and on Pau´s theology /cMichaeol Bachmann. 1aCambridge, U.K. ; Grand Rapids, Michigan :bWilliam B. Eerdmans Pub. Co.,c2008. a234 páginas :bilustraciones ;c23 centímetros atext2rdacontent aunmediated2rdamedia avolume2rdacarrier aIncluye bibliografía.0 aJustification and the works of the law in Paul -- 4QMMT and Galatians -- Jewish covenantal nomism and the Pauline understanding of the Law, the mosaic floor of Beth-Alpha and Gal 3:15-29 -- Investigations on the mediator : Gal 3:20 and the character of the Mosaic Law -- The other woman : synchronic and diachronic observations on Gal 4:21-5:1 -- The church and the Israel of God : on the meaning and ecclesiastical relevance of the benediction at the end of Galatians. aSEG42 aSEG41 aSEG40 aSEG39 aP94 aP87 aP86 aP85 aP77 aP76 aP35 g479133;04aPablo, el apóstolxRelaciones con los judíos.04aBiblia.pN.T.pGálatasxCrítica, interpretación, etc.24aLey judía.